| 000 | 00522nam a2200145Ia 4500 | ||
|---|---|---|---|
| 008 | 090122s9999 xx 000 0 und d | ||
| 082 |
_b7987 _a786.1 |
||
| 100 |
_aराजोपाध्ये _bवसन्तराव |
||
| 245 | _aसंगीत शास्त्र भाग 1 | ||
| 600 | _aराजोपाध्ये | ||
| 630 | _aसंगीत शास्त्र भाग 1 | ||
| 700 | _aराजोपाध्ये | ||
| 730 | _aसंगीत शास्त्र भाग 1 | ||
| 942 | _cBOOK | ||
| 999 |
_c32064 _d32064 |
||